000
00297nam a22001337a 4500
003
SGT
082
_a
617.645
_b
S12K
100
_a
KHATKAR, ARUN
245
_a
SPACE MANAGEMENT
260
_a
DELHI NCR
_b
SGT UNIVERSITY GURUGRAM
_c
2012
300
_a
1-52
650
_a
PEDODONTICS
942
_2
ddc
_c
TH
999
_c
18499
_d
18499